Využitie kvantitatívnych metód v marketingovom manažmente firmy diplomová práca

Salvato in:
Dettagli Bibliografici
Autore principale: Miškev, Andrej
Ente Autore: Obchodná fakulta EU. Katedra marketingu
Altri autori: Baumöhl, Eduard, 1982-
Natura: Libro
Lingua:slovacco
Pubblicazione: Bratislava 2025
Tags: Aggiungi Tag
Nessun Tag, puoi essere il primo ad aggiungerne!!

MARC

LEADER 00000nbm a2200000 4500
001 0310247
005 20251104121034.6
041 0 |a slo 
044 |a SK 
245 1 0 |a Využitie kvantitatívnych metód v marketingovom manažmente firmy  |b diplomová práca  |c Andrej Miškev ; školiteľ: Eduard Baumöhl 
264 1 |a Bratislava  |c 2025 
300 |a 87 s. 
100 1 |a Miškev, Andrej 
700 1 |a Baumöhl, Eduard, 1982- 
710 2 |a Obchodná fakulta EU. Katedra marketingu